[Event "Open Ille et Vilaine 2017"]
[Site "Rennes"]
[Date "2017.07.09"]
[Round "3.1"]
[White "Bordais, Benjamin"]
[Black "Bailet, Pierre"]
[Result "0-1"]
[BlackElo "2525"]
[WhiteElo "2114"]
[LiveChessVersion "1.4.8"]

1. e4 {[%clk 1:30:56]} c5 {[%clk 1:30:41]} 2. Nf3 {[%clk 1:31:18]} Nc6
{[%clk 1:31:01]} 3. d4 {[%clk 1:31:40]} cxd4 {[%clk 1:31:26]} 4. Nxd4
{[%clk 1:32:02]} g6 {[%clk 1:30:33]} 5. Nxc6 {[%clk 1:30:07]} bxc6
{[%clk 1:30:48]} 6. Qd4 {[%clk 1:30:27]} Nf6 {[%clk 1:30:28]} 7. e5
{[%clk 1:30:15]} Nd5 {[%clk 1:29:39]} 8. e6 {[%clk 1:29:52]} Nf6 {[%clk 1:29:02]}
9. exf7+ {[%clk 1:23:53]} Kxf7 {[%clk 1:29:26]} 10. Nd2 {[%clk 1:17:15]} Bg7
{[%clk 1:26:45]} 11. Nf3 {[%clk 1:16:25]} Rf8 {[%clk 1:25:07]} 12. Bd3
{[%clk 1:11:16]} Kg8 {[%clk 1:20:07]} 13. O-O {[%clk 1:10:15]} Qc7
{[%clk 1:15:21]} 14. Qh4 {[%clk 1:07:04]} e5 {[%clk 1:12:51]} 15. Re1
{[%clk 1:06:08]} d6 {[%clk 1:11:46]} 16. Bh6 {[%clk 1:03:12]} Rb8
{[%clk 0:57:34]} 17. Bxg7 {[%clk 1:00:47]} Kxg7 {[%clk 0:57:18]} 18. b3
{[%clk 1:00:47]} Nh5 {[%clk 0:53:55]} 19. c4 {[%clk 0:53:29]} Nf4
{[%clk 0:37:50]} 20. Bc2 {[%clk 0:50:28]} Nxg2 {[%clk 0:37:19]} 0-1

[Event "Open Ille et Vilaine 2017"]
[Site "Rennes"]
[Date "2017.07.09"]
[Round "3.2"]
[White "Stephan, Victor"]
[Black "Bourgois, Bastien"]
[Result "0-1"]
[BlackElo "2068"]
[WhiteElo "2352"]
[LiveChessVersion "1.4.8"]

1. d4 {[%clk 1:24:49]} d5 {[%clk 1:30:55]} 2. c4 {[%clk 1:25:07]} c6
{[%clk 1:31:20]} 3. Nf3 {[%clk 1:24:22]} Nf6 {[%clk 1:31:45]} 4. Nc3
{[%clk 1:24:45]} dxc4 {[%clk 1:32:01]} 5. e4 {[%clk 1:25:02]} b5 {[%clk 1:32:00]}
6. e5 {[%clk 1:24:42]} Nd5 {[%clk 1:32:01]} 7. Be2 {[%clk 1:24:02]} Bf5
{[%clk 1:23:37]} 8. Nh4 {[%clk 1:18:13]} Nxc3 {[%clk 1:19:51]} 9. bxc3
{[%clk 1:18:27]} Be4 {[%clk 1:20:13]} 10. O-O {[%clk 1:13:28]} e6
{[%clk 1:17:16]} 11. Nf3 {[%clk 1:07:06]} Be7 {[%clk 1:14:17]} 12. Be3
{[%clk 1:01:26]} Nd7 {[%clk 0:59:49]} 13. Nd2 {[%clk 0:57:35]} Bd5
{[%clk 0:57:20]} 14. a4 {[%clk 0:55:44]} a6 {[%clk 0:53:04]} 15. Qc2
{[%clk 0:53:40]} Nb6 {[%clk 0:51:54]} 16. a5 {[%clk 0:50:27]} Nd7
{[%clk 0:49:07]} 17. Ne4 {[%clk 0:47:32]} Qc7 {[%clk 0:43:07]} 18. f4
{[%clk 0:45:08]} g6 {[%clk 0:41:29]} 19. Bf3 {[%clk 0:43:51]} O-O-O
{[%clk 0:36:57]} 20. Bc1 {[%clk 0:40:48]} Rhe8 {[%clk 0:25:07]} 21. Ba3
{[%clk 0:40:21]} c5 {[%clk 0:24:24]} 22. Rfd1 {[%clk 0:33:41]} Bxe4
{[%clk 0:20:03]} 23. Qxe4 {[%clk 0:32:54]} cxd4 {[%clk 0:17:33]} 24. Bxe7
{[%clk 0:29:56]} Rxe7 {[%clk 0:17:44]} 25. Rxd4 {[%clk 0:28:53]} Nb8
{[%clk 0:17:57]} 26. Qa8 {[%clk 0:23:42]} Red7 {[%clk 0:16:37]} 27. Rad1
{[%clk 0:22:51]} Rxd4 {[%clk 0:15:15]} 28. cxd4 {[%clk 0:23:15]} c3
{[%clk 0:14:29]} 29. Be4 {[%clk 0:15:52]} b4 {[%clk 0:11:55]} 30. Bc2
{[%clk 0:12:50]} Qb7 {[%clk 0:11:13]} 31. Qxb7+ {[%clk 0:13:15]} Kxb7
{[%clk 0:11:41]} 32. Kf2 {[%clk 0:13:38]} Nc6 {[%clk 0:06:30]} 33. Ke3
{[%clk 0:12:43]} Nxa5 {[%clk 0:05:25]} 34. Kd3 {[%clk 0:11:13]} Kb6
{[%clk 0:04:05]} 35. Ba4 {[%clk 0:11:00]} Nc6 {[%clk 0:03:01]} 36. Kc4
{[%clk 0:11:21]} a5 {[%clk 0:03:01]} 37. g4 {[%clk 0:11:27]} Ne7 {[%clk 0:01:32]}
38. Kd3 {[%clk 0:09:30]} Nd5 {[%clk 0:01:20]} 39. Rf1 {[%clk 0:09:48]} Ka6
{[%clk 0:00:48]} 40. f5 {[%clk 0:09:55]} Rb8 {[%clk 0:00:32]} 41. fxe6
{[%clk 0:08:54]} fxe6 {[%clk 0:30:20]} 42. Bb3 {[%clk 0:37:39]} Rc8 43. Rf7
{[%clk 0:36:18]} Kb5 {[%clk 0:23:43]} 44. Rb7+ {[%clk 0:35:20]} Nb6
{[%clk 0:23:25]} 45. Kc2 {[%clk 0:34:58]} Rf8 {[%clk 0:22:42]} 46. d5
{[%clk 0:35:11]} Rf2+ {[%clk 0:21:41]} 47. Kc1 {[%clk 0:35:20]} exd5
{[%clk 0:20:37]} 48. e6 {[%clk 0:34:11]} Kc6 {[%clk 0:19:52]} 49. Bd1
{[%clk 0:34:06]} Rf1 {[%clk 0:15:08]} 50. e7 {[%clk 0:32:04]} Re1
{[%clk 0:15:30]} 51. Ra7 {[%clk 0:32:29]} Kb5 {[%clk 0:10:10]} 52. Kc2
{[%clk 0:32:19]} Nc8 {[%clk 0:08:31]} 0-1

[Event "Open Ille et Vilaine 2017"]
[Site "Rennes"]
[Date "2017.07.09"]
[Round "3.3"]
[White "Jackson, Thomas"]
[Black "Cotonnec, Melkior"]
[Result "0-1"]
[BlackElo "2320"]
[WhiteElo "2043"]
[LiveChessVersion "1.4.8"]

1. d4 f5 2. g3 Nf6 3. Bg2 g6 4. Nf3 Bg7 5. O-O O-O 6. c4 d6 7. Nc3 Nc6 8. d5 Ne5
9. Nxe5 dxe5 10. e4 f4 11. Qd3 Nh5 12. Qe2 a6 13. Rd1 Qe8 14. Bf3 Qf7 15. Rd3 Nf6
16. g4 Ne8 17. Qd1 Qf6 18. Bg2 Qh4 19. f3 h5 20. h3 hxg4 21. hxg4 Kf7 22. Kf1 Nd6
23. b3 Bd7 24. Bd2 Bf6 25. Be1 Qh6 26. a4 Kg7 27. Bf2 Bh4 28. Qe1 g5 29. Ke2 Rh8
30. Rdd1 Raf8 31. c5 Ne8 32. b4 Nf6 33. Bxh4 gxh4 34. Bh3 Qg6 35. Qf2 Nh7 36. b5
Ng5 37. Qf1 axb5 38. axb5 Ra8 39. Kf2 Rhb8 40. Kg2 b6 41. c6 Be8 42. Qc4 Qd6 43.
Qb3 Bg6 44. Rdc1 Rxa1 45. Rxa1 Qc5 46. Ne2 Bxe4 47. Rc1 Qxd5 0-1

[Event "Open Ille et Vilaine 2017"]
[Site "Rennes"]
[Date "2017.07.09"]
[Round "3.4"]
[White "Wilschut, Peter"]
[Black "Damen, Igor"]
[Result "1/2-1/2"]
[BlackElo "1997"]
[WhiteElo "2259"]
[LiveChessVersion "1.4.8"]

1. c4 {[%clk 1:30:57]} f5 {[%clk 1:30:43]} 2. Nf3 {[%clk 1:31:09]} Nf6
{[%clk 1:31:05]} 3. g3 {[%clk 1:31:03]} g6 {[%clk 1:31:28]} 4. b4
{[%clk 1:31:15]} d6 {[%clk 1:31:34]} 5. Bb2 {[%clk 1:29:30]} Bg7 {[%clk 1:31:55]}
6. Bg2 {[%clk 1:29:27]} O-O {[%clk 1:31:22]} 7. O-O {[%clk 1:29:22]} Qe8
{[%clk 1:30:01]} 8. c5 {[%clk 1:19:05]} e5 {[%clk 1:29:26]} 9. cxd6
{[%clk 1:14:48]} cxd6 {[%clk 1:29:46]} 10. Na3 {[%clk 1:10:06]} e4
{[%clk 1:26:43]} 11. Nd4 {[%clk 1:08:59]} Bd7 {[%clk 1:26:30]} 12. Nc4
{[%clk 1:01:23]} Qe7 {[%clk 1:25:32]} 13. b5 {[%clk 0:58:38]} Be6
{[%clk 1:21:27]} 14. Nxe6 {[%clk 0:56:28]} Qxe6 15. Rc1 {[%clk 0:51:07]} Nbd7
{[%clk 1:16:57]} 16. Ba3 {[%clk 0:49:11]} Ne8 {[%clk 1:16:02]} 17. d3
{[%clk 0:47:48]} Ne5 {[%clk 1:10:59]} 18. Nxe5 {[%clk 0:46:28]} Qxe5
{[%clk 1:05:01]} 19. Qb3+ {[%clk 0:34:52]} Rf7 {[%clk 1:05:10]} 20. Rc2
{[%clk 0:24:38]} d5 {[%clk 1:03:55]} 21. Rfc1 {[%clk 0:19:02]} Rd8
{[%clk 1:01:46]} 22. Rc8 {[%clk 0:18:29]} Rfd7 {[%clk 0:59:16]} 23. Rxd8
{[%clk 0:18:35]} Rxd8 {[%clk 0:59:39]} 24. Rc2 {[%clk 0:11:42]} Qe6
{[%clk 0:58:19]} 25. Bc5 {[%clk 0:10:47]} b6 {[%clk 0:55:26]} 26. Ba3
{[%clk 0:11:12]} Qf7 {[%clk 0:55:17]} 27. Rc6 {[%clk 0:10:51]} Bd4
{[%clk 0:54:05]} 28. e3 {[%clk 0:09:48]} Be5 {[%clk 0:53:39]} 29. f4
{[%clk 0:07:44]} Bf6 {[%clk 0:50:52]} 30. d4 {[%clk 0:07:31]} Be7
{[%clk 0:50:39]} 31. Bf1 {[%clk 0:06:23]} Bxa3 {[%clk 0:49:11]} 32. Qxa3
{[%clk 0:06:50]} Rd7 {[%clk 0:49:08]} 33. Qc3 {[%clk 0:06:08]} Rc7
{[%clk 0:48:57]} 34. a4 {[%clk 0:06:30]} Qd7 {[%clk 0:48:51]} 35. Rxc7
{[%clk 0:02:01]} Qxc7 {[%clk 0:49:08]} 36. Qb3 {[%clk 0:02:01]} Nf6
{[%clk 0:49:19]} 37. h3 {[%clk 0:01:17]} 1/2-1/2

[Event "Open 35 - 2017 Principal"]
[Site "?"]
[Date "2017.07.09"]
[Round "3"]
[White "Seïte, Sullian"]
[Black "Piankov, Evgenij"]
[Result "0-1"]
[WhiteElo "1886"]
[BlackElo "2249"]
[PlyCount "80"]
[EventDate "2017.??.??"]

1. c4 c6 2. e4 e5 3. d4 d6 4. Nc3 Nf6 5. d5 Be7 6. Nf3 O-O 7. Be2 Na6 8. O-O
Nc5 9. Qc2 a5 10. Be3 cxd5 11. Bxc5 dxe4 12. Nxe4 dxc5 13. Nxe5 Nxe4 14. Qxe4
Bf6 15. Nd3 Re8 16. Qf3 Bd4 17. Rfe1 Ra6 18. Bf1 Rf6 19. Rxe8+ Qxe8 20. Qe2
Qxe2 21. Bxe2 Bf5 22. Rf1 Bxd3 23. Bxd3 Bxb2 24. Be4 b6 25. Re1 g6 26. Kf1 a4
27. f3 a3 28. Rd1 g5 29. g4 Kg7 30. Rd5 h6 31. Rd8 h5 32. h3 hxg4 33. hxg4 Rh6
34. Rd1 Rh2 35. Kg1 Be5 36. Bb1 Rb2 37. Re1 Bd4+ 38. Kf1 Rf2+ 39. Kg1 Rxa2+ 40.
Kh1 Ra1 0-1

[Event "Open 35 - 2017 Principal"]
[Site "?"]
[Date "2017.07.09"]
[Round "3"]
[White "Durand Le Ludec, Brendan-Budok"]
[Black "Letemple, Frédéric"]
[Result "1-0"]
[WhiteElo "2184"]
[BlackElo "1937"]
[PlyCount "109"]

1. Nf3 Nf6 2. g3 g6 3. Bg2 Bg7 4. O-O O-O 5. d4 d6 6. a4 c5 7. a5 cxd4 8. Nxd4
d5 9. Nb3 Nc6 10. Nc3 e6 11. Be3 Nd7 12. Na4 Nde5 13. Bc5 Re8 14. e4 Nxa5 15.
Nxa5 Qxa5 16. exd5 exd5 17. b4 Qc7 18. Nc3 Be6 19. Nxd5 Bxd5 20. Qxd5 Nc6 21.
Rad1 Rad8 22. Qf3 a6 23. c4 a5 24. Qb3 axb4 25. Bxb4 Nxb4 26. Qxb4 b6 27. Bd5
Qc5 28. Qa4 Qc7 29. Rd3 Rf8 30. Rfd1 Rde8 31. Rf3 Re7 32. h4 h5 33. Qc2 Qe5 34.
Qxg6 Qxd5 35. Qxg7+ Kxg7 36. Rxd5 f6 37. Rxh5 Re1+ 38. Kg2 Rc1 39. Rf4 Rc8 40.
Rb5 Rc6 41. Kh3 Kg6 42. Kg2 Re1 43. Rf3 Rc1 44. Rfb3 R1xc4 45. Rxb6 Rc7 46. Rf3
Rf7 47. Kh3 Kg7 48. Rb5 Kg6 49. Rbf5 Rc1 50. Kg2 Rc4 51. R3f4 Rc6 52. g4 Rh7
53. h5+ Kg7 54. Ra4 Kh6 55. Ra8 1-0

[Event "Open 35 - 2017 Principal"]
[Site "?"]
[Date "2017.07.09"]
[Round "3"]
[White "Sauvaget, Franck"]
[Black "Grégo, Pierre"]
[Result "1-0"]
[WhiteElo "2019"]
[BlackElo "1861"]
[PlyCount "92"]

1. d4 d5 2. Nf3 Nf6 3. c4 e6 4. Nc3 Nbd7 5. cxd5 exd5 6. Bf4 c6 7. h3 h6 8. Qc2
Bb4 9. e3 O-O 10. Bd3 Re8 11. O-O Qe7 12. Nd2 Nf8 13. Rfe1 Bd6 14. Bxd6 Qxd6
15. a3 Bd7 16. b4 a6 17. Rab1 Ne6 18. a4 b5 19. Nf3 Re7 20. Rec1 Bc8 21. Ne5
Bb7 22. Ne2 Rc8 23. Ng3 Rec7 24. a5 Qf8 25. f4 Nd7 26. Rf1 Nxe5 27. fxe5 Qe7
28. Nf5 Qg5 29. Rf3 Rf8 30. Rg3 Qd8 31. Nxh6+ Kh8 32. Nf5 g6 33. Qe2 Ng5 34.
Nd6 Nh7 35. Rf1 Qh4 36. Kh2 Bc8 37. Rf4 Qe7 38. Qf2 Be6 39. Qc2 Rg8 40. Rgf3
Rg7 41. Qc5 Ng5 42. Rh4+ Rh7 43. Rxh7+ Kxh7 44. Rf4 Kg7 45. Qb6 Ra7 46. Qb8 Rd7
1-0

[Event "Open 35 - 2017 Principal"]
[Site "?"]
[Date "2017.07.09"]
[Round "3"]
[White "Van Kempen, Roderick"]
[Black "Ruhlmann, Hélène"]
[Result "1/2-1/2"]
[WhiteElo "2019"]
[BlackElo "1861"]
[PlyCount "155"]

1. e4 e5 2. Nf3 Nf6 3. Nxe5 d6 4. Nf3 Nxe4 5. Nc3 Nxc3 6. dxc3 Bg4 7. Be3 Be7
8. Be2 Nd7 9. Qd4 Nf6 10. O-O-O c6 11. h3 Be6 12. Kb1 b5 13. Ng5 Bd5 14. Bf3
O-O 15. h4 a5 16. Rh3 b4 17. c4 Bxf3 18. gxf3 a4 19. Qd3 b3 20. cxb3 axb3 21.
axb3 Qa5 22. Bd4 g6 23. Ne4 Nxe4 24. fxe4 Qh5 25. Bc3 Rfb8 26. Kc2 c5 27. Qf3
Qxf3 28. Rxf3 h5 29. Bf6 Bf8 30. Rfd3 Ra6 31. Rd5 Rab6 32. R1d3 R8b7 33. f3 Rb8
34. Bg5 Rc6 35. Bf6 Rcb6 36. f4 Re8 37. e5 dxe5 38. fxe5 Rb7 39. Rd8 Rb8 40.
Rxb8 Rxb8 41. Rd7 Re8 42. Kd3 Rb8 43. Kc3 Re8 44. Rc7 g5 45. Bxg5 Rxe5 46. Rc8
Kg7 47. Rc6 Kh7 48. Kd3 Rf5 49. Ke4 Rf2 50. Rc8 Kg7 51. Bf4 Be7 52. Be5+ f6 53.
Bc3 Kg6 54. Rg8+ Kf7 55. Rh8 Kg6 56. Ke3 Rh2 57. Kf3 Rxh4 58. Re8 Kf7 59. Rh8
Bd6 60. Rh6 Rf4+ 61. Kg2 Rf5 62. Rh8 Kg6 63. Rg8+ Kf7 64. Rd8 Rg5+ 65. Kf3 Bg3
66. b4 cxb4 67. Bxb4 h4 68. Rd1 Be5 69. Rh1 Rg3+ 70. Ke4 h3 71. Bc3 Bxc3 72.
bxc3 Rxc3 73. Kf5 Rf3+ 74. Kg4 Rc3 75. Rxh3 f5+ 76. Kh4 Rxc4+ 77. Kg5 Rc5 78.
Rh6 1/2-1/2

[Event "Open 35 - 2017 Principal"]
[Site "?"]
[Date "2017.07.09"]
[Round "3"]
[White "Pellegrini, Thibaud"]
[Black "Theon, Pierre"]
[Result "0-1"]
[WhiteElo "1795"]
[BlackElo "2150"]
[PlyCount "64"]

1. e4 e6 2. Qe2 c5 3. Nf3 Nc6 4. c3 Nf6 5. g3 d5 6. d3 Be7 7. Bg2 O-O 8. O-O b5
9. h4 a5 10. Nh2 b4 11. a4 dxe4 12. dxe4 Ba6 13. c4 Nd4 14. Qd3 Nd7 15. f4 Nb6
16. Nd2 b3 17. Rf2 Nc2 18. Qxd8 Rfxd8 19. Rb1 Bxc4 20. Nxc4 Nxc4 21. Bf1 Rd1
22. Kg2 N4e3+ 23. Kf3 Nxf1 24. Rxf1 Rad8 25. Rxd1 Rxd1 26. Ng4 c4 27. Ne5 Rf1+
28. Kg2 Ne3+ 29. Kh2 h5 30. Nc6 Ng4+ 31. Kg2 Rf2+ 32. Kg1 Bc5 0-1

[Event "Open 35 - 2017 Principal"]
[Site "?"]
[Date "2017.07.09"]
[Round "3"]
[White "Neau, Julien"]
[Black "Pachon, Bernard"]
[Result "1-0"]
[WhiteElo "1930"]
[BlackElo "1787"]
[PlyCount "54"]

1. d4 d5 2. c4 e6 3. Nc3 Nf6 4. cxd5 exd5 5. Bg5 Nbd7 6. e3 c6 7. Bd3 Be7 8.
Nf3 O-O 9. O-O Re8 10. Qc2 h6 11. Bh4 Ne4 12. Bxe7 Qxe7 13. Rab1 Ndf6 14. b4 a6
15. a4 Bd7 16. Ne5 Nd6 17. b5 cxb5 18. axb5 a5 19. Na4 Rab8 20. Qc7 Rec8 21.
Qxa5 Bf5 22. Rfc1 Bxd3 23. Nxd3 Nc4 24. Qb4 Qe4 25. Nac5 Qh4 26. g3 Qg5 27. Nf4
Ne4 1-0

[Event "Open 35 - 2017 Principal"]
[Site "?"]
[Date "2017.07.10"]
[Round "4"]
[White "Houlgate, Anthony"]
[Black "Stéphan, Victor"]
[Result "0-1"]
[WhiteElo "1878"]
[BlackElo "2352"]
[PlyCount "78"]

1. e4 c5 2. Nf3 d6 3. d4 cxd4 4. Nxd4 Nf6 5. Nc3 a6 6. Bg5 e6 7. f4 Be7 8. Qf3
Qc7 9. O-O-O Nbd7 10. Bd3 b5 11. Rhe1 Bb7 12. Qe2 Nc5 13. Bxf6 gxf6 14. Qh5 b4
15. Nd5 exd5 16. exd5 O-O-O 17. Qxf7 Bf8 18. Bf5+ Kb8 19. Qxc7+ Kxc7 20. Ne6+
Nxe6 21. Rxe6 Bc8 22. Rxf6 Be7 23. Rf7 Bxf5 24. Rxf5 Rdf8 25. Rxf8 Rxf8 26. Rd4
a5 27. Kd2 Kd7 28. b3 h5 29. Kd3 Rg8 30. g3 h4 31. f5 hxg3 32. hxg3 Rxg3+ 33.
Kc4 Rc3+ 34. Kb5 Bd8 35. Rf4 Rc5+ 36. Ka6 Bf6 37. Rf2 Rxd5 38. Rf3 Rc5 39. Rf2
Kc6 0-1

[Event "Open 35 - 2017 Principal"]
[Site "?"]
[Date "2017.07.10"]
[Round "4"]
[White "Théon, Pierre"]
[Black "Seïte, Sullian"]
[Result "1-0"]
[WhiteElo "2150"]
[BlackElo "1886"]
[PlyCount "43"]

1. c4 e5 2. g3 Nf6 3. Bg2 d5 4. cxd5 Nxd5 5. Nc3 Nb6 6. e3 c5 7. Nge2 Nc6 8.
O-O Be7 9. f4 exf4 10. Nxf4 O-O 11. b3 Bf6 12. Bb2 Nb4 13. Be4 Re8 14. d3 Be5
15. Qh5 g6 16. Nxg6 fxg6 17. Bxg6 Re7 18. Rf7 Rxf7 19. Bxf7+ Kg7 20. Qxe5+ Kxf7
21. Rf1+ Kg6 22. Ne4 1-0

[Event "Open 35 - 2017 Principal"]
[Site "?"]
[Date "2017.07.10"]
[Round "4"]
[White "Ruhlmann, Hélène"]
[Black "Bordais, Benjamin"]
[Result "1/2-1/2"]
[WhiteElo "1861"]
[BlackElo "2114"]
[PlyCount "100"]

1. Nf3 d5 2. g3 Nf6 3. Bg2 c6 4. O-O Bf5 5. d3 g6 6. c4 dxc4 7. dxc4 Na6 8. Nd4
Bd7 9. e4 e5 10. Nc2 Bg4 11. Qxd8+ Rxd8 12. Bg5 Be7 13. Nc3 h6 14. Be3 Bc5 15.
Bxc5 Nxc5 16. f4 Rd2 17. Ne3 Bc8 18. b4 Nd3 19. a3 Ng4 20. Rad1 Rxd1 21. Nexd1
Ke7 22. h3 Nf6 23. Ne3 Nh5 24. Ne2 Rd8 25. f5 Nf6 26. c5 b6 27. cxb6 axb6 28.
Nc4 Ba6 29. Nxb6 Nxb4 30. Rc1 Bxe2 31. axb4 Bb5 32. Nc4 Bxc4 33. Rxc4 Rd1+ 34.
Kf2 Kd6 35. Bf3 Rd2+ 36. Ke3 Rh2 37. h4 h5 38. Be2 Ng4+ 39. Bxg4 hxg4 40. fxg6
fxg6 41. Rc1 Rg2 42. Rf1 Rxg3+ 43. Ke2 Ke7 44. Rc1 Kd7 45. Rd1+ Kc7 46. Rf1
Rg2+ 47. Rf2 Rxf2+ 48. Kxf2 Kd6 49. Kg3 c5 50. bxc5+ Kxc5 1/2-1/2

[Event "Open 35 - 2017 Principal"]
[Site "?"]
[Date "2017.07.10"]
[Round "4"]
[White "Rider, Palmer"]
[Black "Jackson, Thomas"]
[Result "0-1"]
[WhiteElo "1847"]
[BlackElo "2043"]
[Annotator "Doe,John"]
[PlyCount "120"]

1. e4 c5 2. Nf3 e6 3. d4 cxd4 4. Nxd4 Nc6 5. Nc3 Qc7 6. Be2 a6 7. O-O Nf6 8.
Kh1 Bb4 9. Nxc6 dxc6 10. Qd4 Bd6 11. Bg5 Be5 12. Qe3 h6 13. Bxf6 Bxf6 14. f4 e5
15. f5 b5 16. Qc5 Be7 17. Nd5 Qd6 18. Qxd6 Bxd6 19. Nb6 Rb8 20. Nxc8 Rxc8 21.
a4 Ke7 {(=)} 22. axb5 axb5 23. Ra7+ Rc7 24. Rfa1 Rhc8 25. g4 Bc5 26. Rxc7+ Rxc7
27. Ra8 f6 28. Kg2 Bd4 29. c3 Be3 30. Bd1 Bc1 31. b4 Bb2 32. c4 {(=)} bxc4 33.
Kf3 Rd7 34. Ke2 c3 35. Bb3 Rd2+ 36. Kf3 c2 37. Ra7+ Ke8 38. Ra8+ Kd7 39. Ra7+
Kd8 40. Bxc2 Rxc2 41. Rxg7 Rxh2 42. Rf7 Rh3+ 43. Kg2 Re3 44. Rxf6 Rxe4 45. Rxh6
Rxg4+ 46. Kh3 Rxb4 47. Rxc6 Rf4 48. f6 Ke8 49. Rb6 Bd4 50. Rc6 Kf7 51. Kg3 Rxf6
52. Rc7+ Ke6 53. Rc8 Kd5 54. Rd8+ Ke4 55. Ra8 Rg6+ 56. Kh3 Kf3 57. Rf8+ Ke3 58.
Rf1 Ke2 59. Rf5 e4 60. Rf4 Kd3 0-1

[Event "Open 35 - 2017 Principal"]
[Site "?"]
[Date "2017.07.10"]
[Round "4"]
[White "Letemple, Frédéric"]
[Black "Rouille , Michel"]
[Result "1-0"]
[WhiteElo "1937"]
[BlackElo "1865"]
[PlyCount "49"]

1. e4 g6 2. d4 Bg7 3. Be3 d6 4. Nc3 a6 5. Qd2 b5 6. O-O-O Bb7 7. f3 Nd7 8. Kb1
c6 9. h4 h6 10. Nh3 Qc7 11. Nf2 Ngf6 12. g4 Nb6 13. g5 hxg5 14. hxg5 Nh5 15.
Ng4 b4 16. Ne2 Nc4 17. Qxb4 Nxe3 18. Nxe3 Rb8 19. Qd2 a5 20. Nc4 Bc8 21. Nxa5
Be6 22. Nb3 Qa7 23. Nec1 c5 24. dxc5 dxc5 25. Bb5+ 1-0

[Event "Open 35 - 2017 Principal"]
[Site "?"]
[Date "2017.07.10"]
[Round "4"]
[White "Delaruelle, Christian"]
[Black "Neau, Julien"]
[Result "0-1"]
[WhiteElo "1778"]
[BlackElo "1930"]
[PlyCount "102"]

1. f4 d6 2. Nf3 Nf6 3. Nc3 g6 4. e4 Bg7 5. Bc4 O-O 6. O-O Nxe4 7. Bxf7+ Rxf7 8.
Nxe4 Rxf4 9. d3 Rf8 10. c3 d5 11. Ng3 Nd7 12. Bg5 h6 13. Be3 Kh7 14. Qd2 c5 15.
d4 cxd4 16. Nxd4 Nf6 17. Nf3 Ng4 18. Bf4 Qb6+ 19. Kh1 e5 20. Bxe5 Nxe5 21. Nxe5
Rxf1+ 22. Rxf1 Bxe5 23. Qxd5 Bg7 24. Qe4 Be6 25. Nh5 Bf5 26. Qf3 Rf8 27. Nxg7
Kxg7 28. Qe2 Rf7 29. h3 Qd6 30. Kg1 Bd3 31. Rxf7+ Kxf7 32. Qf3+ Kg8 33. Qxb7
Qb6+ 34. Qxb6 axb6 35. Kf2 b5 36. b3 Kf7 37. c4 bxc4 38. bxc4 Bxc4 39. a3 Kf6
40. Kf3 Bb3 41. Kf4 g5+ 42. Kg3 Kf5 43. Kf3 Bd5+ 44. Kg3 h5 45. Kf2 Ke4 46. Kg3
Ke3 47. a4 Bc6 48. a5 Bb7 49. Kh2 Kf2 50. g3 Ba6 51. h4 g4 0-1

[Event "Open Ille et Vilaine 2017"]
[Site "Rennes"]
[Date "2017.07.10"]
[Round "4.1"]
[White "Bailet, Pierre"]
[Black "Piankov, Evgenij"]
[Result "1-0"]
[WhiteElo "2525"]
[BlackElo "2249"]
[PlyCount "53"]
[EventDate "2017.??.??"]

1. e4 c6 2. d4 d5 3. Nd2 g6 4. Ngf3 Bg7 5. c3 Nh6 6. Bd3 O-O 7. O-O Bg4 8. Re1
e6 9. e5 c5 10. h3 Bxf3 11. Nxf3 cxd4 12. cxd4 Nc6 13. Bg5 Qb6 14. Qd2 Nf5 15.
Bxf5 exf5 16. Rac1 f6 17. Bh6 fxe5 18. dxe5 Rad8 19. Bg5 Rd7 20. e6 Rd6 21. Bf4
Ne7 22. Bxd6 Qxd6 23. Qa5 Nc6 24. Qb5 Rb8 25. Rcd1 d4 26. e7 Nxe7 27. Qb3+ 1-0

[Event "Open Ille et Vilaine 2017"]
[Site "Rennes"]
[Date "2017.07.10"]
[Round "4.2"]
[White "Cotonnec, Melkior"]
[Black "Durand-Le Ludec, Brendan-Budok"]
[Result "1/2-1/2"]
[WhiteElo "2320"]
[BlackElo "2184"]
[Annotator "Doe,John"]
[PlyCount "113"]
[EventDate "2017.??.??"]

1. e4 c5 2. Nf3 e6 3. d4 cxd4 4. c3 dxc3 5. Nxc3 a6 6. Bc4 b5 7. Bb3 Bb7 8. Qe2
d6 9. O-O Nd7 10. Rd1 Be7 11. Bf4 Qb8 12. e5 Bxf3 13. Qxf3 Nxe5 14. Bxe5 dxe5
15. a4 b4 16. Nd5 Ra7 17. Rac1 Nh6 18. Nb6 Rc7 19. a5 O-O 20. Nd7 Qc8 21. Rxc7
Qxc7 22. Nxf8 Bxf8 23. Qa8 Qxa5 24. h3 Nf5 25. Bc4 Nd4 26. Qxa6 Qxa6 27. Bxa6
g6 28. Bc4 Kg7 29. Ra1 Be7 30. Ra7 Kf8 31. Ra8+ Kg7 32. Ra7 Kf8 33. Ra8+ Kg7
34. Re8 Bg5 35. Rb8 Be7 36. Rb7 Kf8 37. Rb8+ Kg7 38. Rb7 Kf8 39. Kf1 h5 40. Ke1
Bg5 41. Kd1 Be7 42. Kd2 Nf5 43. Bd3 Nd4 44. Bc4 Nf5 45. Rb5 Nd6 46. Rb8+ Kg7 {
(=)} 47. Bd3 Nf5 48. Rb7 Kf8 49. Rb5 Bd6 50. Rb7 Be7 51. Bxf5 exf5 52. Kd3 e4+
53. Kc4 Ke8 54. Kd5 Kf8 55. b3 h4 56. Rc7 Bf6 57. Rc8+ 1/2-1/2

[Event "Open Ille et Vilaine 2017"]
[Site "Rennes"]
[Date "2017.07.10"]
[Round "4.3"]
[White "Bourgois, Bastien"]
[Black "Wilschut, Peter"]
[Result "0-1"]
[WhiteElo "2068"]
[BlackElo "2259"]
[Annotator "Doe,John"]
[PlyCount "90"]
[EventDate "2017.??.??"]
[TimeControl "6000+1270"]
[WhiteClock "0:26:54"]
[BlackClock "0:33:02"]

1. d4 d5 2. c4 c6 3. Nc3 Nf6 4. Nf3 a6 5. Ne5 g6 6. Bf4 Bg7 7. h3 O-O 8. e3 Be6
9. Qb3 b5 10. cxb5 axb5 11. Be2 Ne4 12. Qc2 Qa5 13. Nd3 Bf5 14. a4 Nxc3 15.
Qxc3 Qxc3+ 16. bxc3 Bxd3 17. Bxd3 bxa4 18. Ra3 Nd7 19. Kd2 Ra7 20. Rb1 Rfa8 21.
e4 Bf8 22. Ra2 e6 23. Kc2 a3 24. f3 c5 25. exd5 exd5 26. Rb5 c4 27. Bf1 Ra5 28.
Rb7 R8a7 29. Rb1 Be7 30. g4 f6 31. h4 Kf7 32. Bh3 R5a6 33. Rb5 Rb6 34. Rxb6
Nxb6 35. Bc1 Bd6 36. f4 Ke6 37. f5+ gxf5 38. gxf5+ Kd7 39. Kb1 Kc6 40. Re2 Na4
41. Re3 Rb7+ 42. Ka1 Rb3 43. Bd2 Rb2 44. Bc1 Rc2 45. Kb1 Rxc1+ 0-1

[Event "Open Ille et Vilaine 2017"]
[Site "Rennes"]
[Date "2017.07.10"]
[Round "4.4"]
[White "Damen, Igor"]
[Black "Sauvaget, Franck"]
[Result "1/2-1/2"]
[WhiteElo "1997"]
[BlackElo "2065"]
[Annotator "Doe,John"]
[PlyCount "111"]
[EventDate "2017.??.??"]
[TimeControl "6000+1465"]
[WhiteClock "0:24:47"]
[BlackClock "0:23:51"]

1. e4 e5 2. Nf3 Nc6 3. Bb5 a6 4. Ba4 Nf6 5. O-O Be7 6. Re1 b5 7. Bb3 d6 8. c3
O-O 9. h3 Na5 10. Bc2 c5 11. d4 Qc7 12. Nbd2 cxd4 13. cxd4 Nc6 14. d5 Nb4 15.
Bb1 a5 16. Nf1 Bd7 17. Bd2 Rfc8 18. Ne3 Na6 19. g4 Nc5 20. Nf1 Na4 21. Bc1 b4
22. Ng3 g6 23. g5 Ne8 24. Kg2 Ng7 25. Rh1 Rab8 26. Bd3 Nc5 27. Be3 Qd8 28. Rc1
Na4 29. Qd2 Rxc1 30. Rxc1 Rc8 31. Be2 Rxc1 32. Qxc1 Qb8 33. Nd2 Ne8 34. Bd1 Bd8
35. Nc4 Qc8 36. Bxa4 Bxa4 37. f3 Bb5 38. b3 Ba6 39. Nb2 Qxc1 40. Bxc1 Bb6 41.
Nf1 Bd4 42. Ne3 Bxb2 43. Bxb2 Nc7 44. a3 Kf8 45. axb4 axb4 46. Nc2 Be2 47. Nxb4
Bd1 48. Nc6 Bxb3 49. Bxe5 dxe5 50. d6 Ne6 51. d7 Ba4 52. d8=Q+ Nxd8 53. Nxd8
Ke7 54. Nb7 Bb5 55. Nc5 Bc4 56. Na4 1/2-1/2